000 00858nam a22002417a 4500
999 _c6964
_d6964
003 AR-CdUCM
008 190319b ||||| |||| 00| 0 spa d
040 _aMUNICIPALIDAD PROVINCIAL DEL CUSCO
_cBIBLIOTECA MUNICIPAL DEL CUSCO
041 _heng.
082 _a510 /
_bT27
110 _aNational Council of Teachers of Mathematics
_919605
245 _aConjuntos /
260 _aMéxico :
_bTrillas,
_c1972.
300 _a63 cm.
_bDiagramas,
_c23 cm.
440 _aColección Temas de Matemática
_919556
505 _aContenido :Principios de la teoría de conjuntos --Cordinalidad y el proceso de contar --Operaciones de los conjuntos /
650 _aTeroria de conjunto
_919638
650 _aSimbolismo
_912398
650 _aUnión de conjuntos
_919639
700 _aFederico Galván Anaya (traductor)
_919640
942 _2ddc
_cLIBROS
945 _arjall